[Event "Let's Play Chess!"]
[Site "http://www.queenalice.com/game.php?id=1243913"]
[Date "2013.12.31"]
[Round "-"]
[White "tvogel"]
[Black "igorjava"]
[Result "0-1"]
[WhiteElo "950"]
[BlackElo "1798"]

1. f4 d5 2. b3 c5 3. e3 Nc6 4. Nf3 a6 5. Ba3 b6 6. Ne5 Nxe5 7. fxe5 e6 8. Be2 b5
9. c3 d4 10. cxd4 cxd4 11. O-O Bxa3 12. Nxa3 Ne7 13. Bf3 Rb8 14. d3 dxe3 15. Nc2
Qb6 16. Rc1 O-O 17. a3 e2+ 18. Kh1 exd1=Q 19. Rcxd1 Bb7 20. b4 Bxf3 21. gxf3 Nf5
22. d4 Rbc8 23. Rd2 Rxc2 24. Rxc2 Ne3 25. Rfc1 Nxc2 26. Rxc2 Qxd4 27. Rg2 Qa1+
28. Rg1 Qxa3 29. h3 Rd8 30. Kh2 Qxf3 31. Rg2 Rd4 32. Rg5 Rd2+ 33. Rg2 Qxg2# 0-1

[Event "Challenge"]
[Site "http://www.queenalice.com/game.php?id=1244198"]
[Date "2013.12.31"]
[Round "-"]
[White "tvogel"]
[Black "Aspayne"]
[Result "1/2-1/2"]
[WhiteElo "900"]
[BlackElo "1905"]

1. g4 d5 2. Nf3 Bxg4 3. Nh4 Nd7 4. b4 Ngf6 5. Ng2 e5 6. h4 Qe7 7. b5 O-O-O 8. e3
Kb8 9. h5 Kc8 10. Rh4 Qe6 11. Nf4 Bxd1 12. Kxd1 Be7 13. Nxe6 fxe6 14. Ra4 Kb8
15. Bh3 Nb6 16. Rh4 Ne4 17. Ke1 Rhf8 18. Ba3 Bxa3 19. Nxa3 Nxf2 20. Bxe6 Rf6 21.
Bh3 Nxh3 22. Rxh3 Rdf8 23. Ke2 e4 24. Rh4 Rf2+ 25. Kd1 Rf1+ 26. Ke2 Rxa1 27. d3
Kc8 28. d4 Kd7 1/2-1/2

[Event "Let's Play Chess!"]
[Site "http://www.queenalice.com/game.php?id=1244253"]
[Date "2014.1.1"]
[Round "-"]
[White "carlosufpe"]
[Black "tvogel"]
[Result "1-0"]
[WhiteElo "1610"]
[BlackElo "900"]

1. d4 d5 2. e3 Nc6 3. c4 dxc4 4. Bxc4 Na5 5. Be2 b6 6. Nf3 Nc6 7. O-O e6 8. Nbd2
Bd6 9. b3 Nge7 10. Bb2 O-O 11. Qc2 Nb4 12. Qe4 Rb8 13. a3 Na6 14. Bd1 Qd7 15.
Bc2 Qb5 16. Qxh7# 1-0

[Event "Let's Play Chess!"]
[Site "http://www.queenalice.com/game.php?id=1244254"]
[Date "2014.1.1"]
[Round "-"]
[White "tvogel"]
[Black "carlosufpe"]
[Result "0-1"]
[WhiteElo "967"]
[BlackElo "1666"]

1. e4 d6 2. d4 g6 3. f3 Bg7 4. Ne2 c6 5. c3 Nf6 6. Nf4 O-O 7. g3 Qc7 8. Bc4 e6
9. O-O d5 10. exd5 exd5 11. b3 dxc4 12. bxc4 a6 13. Ba3 Re8 14. Bc5 b6 15. Bf8
Kxf8 16. g4 Qxf4 17. Na3 Qe3+ 18. Rf2 Qxc3 19. Nc2 Qxc4 20. Na3 Qe6 21. Nc2 Rd8
22. f4 Nxg4 23. Qf1 Nxf2 24. Qxf2 c5 25. dxc5 Bxa1 26. Kg2 Bb7+ 27. Kg3 Bg7 28.
h3 h5 29. h4 Qg4+ 30. Kh2 Bf6 31. Ne3 Qxh4+ 32. Qxh4 Bxh4 33. Kh3 Bf2 34. Nf5
gxf5 35. c6 Bxc6 36. a3 h4 37. Kh2 Rd2 38. Kh3 Bg3 39. a4 Bg2# 0-1

[Event "Let's Play Chess!"]
[Site "http://www.queenalice.com/game.php?id=1244483"]
[Date "2014.1.2"]
[Round "-"]
[White "Nimzou"]
[Black "tvogel"]
[Result "1-0"]
[WhiteElo "1177"]
[BlackElo "950"]

1. e4 e5 2. Nf3 Nc6 3. d3 b6 4. Nbd2 Na5 5. b3 Nc6 6. g3 Bc5 7. Bb2 g6 8. Bg2
Nge7 9. O-O O-O 10. Qe2 Nb4 11. Rfc1 d6 12. c3 Nbc6 13. h3 Be6 14. Rd1 d5 15.
Kh1 g5 16. d4 exd4 17. Nxg5 f6 18. Nxh7 Kxh7 19. Qh5+ Kg7 20. Bc1 Ng6 21. Bb2
Kf7 22. Qh7+ Ke8 23. Qxg6+ Kd7 24. exd5 Kc8 25. Qd3 dxc3 26. Qxc3 Ne5 27. dxe6
Rb8 28. Ne4 Be7 29. Qe3 f5 30. Rxd8+ Rxd8 31. Nd2 Ng6 32. Rc1 Bd6 33. Qf3 Bb4
34. Bc3 Ba3 35. Re1 Rd6 36. e7 Nxe7 37. Nc4 Rd7 38. Bf6 Ng8 39. Re8+ Rd8 40.
Qxf5# 1-0

[Event "Let's Play Chess!"]
[Site "http://www.queenalice.com/game.php?id=1244492"]
[Date "2014.1.2"]
[Round "-"]
[White "novoselic"]
[Black "tvogel"]
[Result "1-0"]
[WhiteElo "1625"]
[BlackElo "900"]

1. e4 e5 2. Nf3 Nc6 3. Bb5 Nb4 4. O-O f6 5. d4 Bd6 6. dxe5 fxe5 7. Nxe5 Bxe5 8.
Qh5+ Kf8 9. Qxe5 Nxc2 10. Qc5+ Ne7 11. Qxc2 b6 12. Bg5 Rb8 13. Bxe7+ Kxe7 14.
Nc3 Ke8 15. f4 Kf8 16. e5 Bb7 17. Qf5+ Kg8 18. Bxd7 h6 19. Be6# 1-0

[Event "Let's Play Chess!"]
[Site "http://www.queenalice.com/game.php?id=1247287"]
[Date "2014.1.11"]
[Round "-"]
[White "hrob"]
[Black "tvogel"]
[Result "1-0"]
[WhiteElo "1186"]
[BlackElo "967"]

1. e4 e5 2. Nf3 Nf6 3. Nxe5 Nxe4 4. Qe2 Nc5 5. Nc6+ Ne6 6. Nxd8 Kxd8 7. c3 d6 8.
d4 c6 9. Be3 b6 10. Qf3 Be7 11. d5 Bd7 12. dxe6 Bxe6 13. Na3 Na6 14. Qxc6 Nc7
15. Nb5 Nxb5 16. Qxa8+ Kc7 17. Qxh8 Kc6 18. Qa8+ Kc7 19. Bxb5 d5 20. Qxa7+ Kd6
21. Qb8# 1-0

[Event "Challenge"]
[Site "http://www.queenalice.com/game.php?id=1248074"]
[Date "2014.1.15"]
[Round "-"]
[White "orlando"]
[Black "tvogel"]
[Result "1-0"]
[WhiteElo "1652"]
[BlackElo "937"]

1. g3 d6 2. Bg2 e6 3. Nf3 Nf6 4. O-O Be7 5. b3 O-O 6. Bb2 d5 7. Nc3 Nc6 8. e3
Bd6 9. a4 b6 10. Re1 Ba6 11. Nb5 Be7 12. Nbd4 Nxd4 13. Nxd4 e5 14. Ne2 Qd6 15.
d4 exd4 16. Nxd4 Qc5 17. Ba3 Qxa3 18. Rxa3 Bxa3 19. Nf5 Bb4 20. Bxd5 Nxd5 21.
Qg4 g6 22. Rd1 Bc3 23. Rxd5 Be1 24. Rd7 Bc8 25. Ne7+ Kh8 26. Qd4+ f6 27. Rxc7
Bh3 28. Nxg6+ Kg8 29. Nf4 Bg4 30. Qd5+ Kh8 31. Qb7 Rae8 32. Rxh7+ Kg8 33. Qg7#
1-0

[Event "Challenge"]
[Site "http://www.queenalice.com/game.php?id=1248075"]
[Date "2014.1.15"]
[Round "-"]
[White "tvogel"]
[Black "orlando"]
[Result "0-1"]
[WhiteElo "937"]
[BlackElo "1654"]

1. e3 g6 2. Be2 Bg7 3. Nf3 Nf6 4. O-O O-O 5. d4 b6 6. Nc3 Bb7 7. b3 Nc6 8. Ba3
a5 9. Bc4 d6 10. Qd3 Qc8 11. Nd5 Nb4 12. Nxb4 axb4 13. Bxb4 Bxf3 14. gxf3 Qh3
15. Kh1 Qxf3+ 16. Kg1 Ng4 17. Qe4 Qxe4 18. f3 Qxe3+ 19. Kg2 Nh6 20. Rae1 Qg5+
21. Kf2 Bxd4+ 22. Ke2 Rxa2 23. Bxf7+ Rxf7 24. Bd2 Rxc2 25. Kd3 Qxd2+ 26. Ke4
Rf4+ 27. Kd5 Bf2+ 28. Ke6 Bxe1 29. Rg1 Qe3+ 30. Kd7 Qxg1 31. Ke8 Rxf3 32. h3 Qh1
33. h4 Qh3 34. h5 Re2 35. hxg6 Qc8# 0-1

[Event "Challenge"]
[Site "http://www.queenalice.com/game.php?id=1250825"]
[Date "2014.1.24"]
[Round "-"]
[White "orlando"]
[Black "tvogel"]
[Result "1-0"]
[WhiteElo "1658"]
[BlackElo "937"]

1. g3 Nf6 2. Bg2 g6 3. Nf3 Bh6 4. O-O O-O 5. b3 e6 6. Bb2 Ne4 7. d3 b6 8. dxe4
f6 9. a4 Kg7 10. Nc3 Rf7 11. e5 d6 12. exf6+ Rxf6 13. Nb5 Nc6 14. Bxf6+ Kxf6 15.
Nh4 Qd7 16. e3 Ke7 17. Ra2 a6 18. Bxc6 Qxc6 19. Nd4 Qe8 20. c4 c5 21. Nc2 Bb7
22. Na1 g5 23. Ng2 g4 24. Qxg4 Qc6 25. f4 Qxg2+ 26. Rxg2 1-0

[Event "Challenge"]
[Site "http://www.queenalice.com/game.php?id=1250828"]
[Date "2014.1.24"]
[Round "-"]
[White "tvogel"]
[Black "orlando"]
[Result "0-1"]
[WhiteElo "937"]
[BlackElo "1656"]

1. g3 g6 2. Bh3 Bg7 3. Nf3 Nf6 4. O-O b6 5. b3 O-O 6. Nc3 Bb7 7. Ba3 d6 8. d3 a5
9. e4 Nc6 10. Qd2 e5 11. Qe3 Nd4 12. Rae1 Nxc2 13. Rd1 Nxe3 14. fxe3 Bh6 15. Nd5
Nxd5 0-1

[Event "Challenge"]
[Site "http://www.queenalice.com/game.php?id=1275036"]
[Date "2014.4.22"]
[Round "-"]
[White "amgoncal"]
[Black "tvogel"]
[Result "1-0"]
[WhiteElo "1003"]
[BlackElo "937"]

1. d4 Nc6 2. Nf3 Nf6 3. c4 d6 4. e3 e5 5. dxe5 Ne4 6. Qd3 Nc5 7. Qd5 b6 8. Qxc6+
Nd7 9. Qxa8 Nb8 10. Qxb8 dxe5 11. Nxe5 Bb4+ 12. Bd2 Bd6 13. Nc6 Qd7 14. Nxa7 Ke7
15. Nxc8+ Ke6 16. f4 Bc5 17. e4 Qxc8 18. f5+ Kd7 19. Qa7 Bd4 20. Bc3 Bf6 21. Na3
Bh4+ 22. g3 Bf6 23. Rd1+ Ke8 24. e5 Be7 25. Nb5 h5 26. h4 Rh6 27. Nxc7+ Kf8 28.
Nd5 Bd8 29. Bb4+ Kg8 30. Ne7+ Bxe7 31. Qxe7 Rc6 32. Rd8+ Qxd8 33. Qxd8+ Kh7 34.
g4 hxg4 35. h5 g3 36. Rg1 Rh6 37. Rxg3 Rxh5 38. Qf8 Rh6 39. Rxg7# 1-0

[Event "Challenge"]
[Site "http://www.queenalice.com/game.php?id=1346082"]
[Date "2015.3.7"]
[Round "-"]
[White "tvogel"]
[Black "orlando"]
[Result "0-1"]
[WhiteElo "918"]
[BlackElo "1606"]

1. g3 g6 2. f4 Bg7 3. e3 Nf6 4. Bg2 O-O 5. Ne2 Nc6 6. Nbc3 b6 7. a3 Bb7 8. b4
Qc8 9. h4 Nxb4 10. axb4 Bxg2 11. Rh2 Qb7 12. Rxg2 Qxg2 13. Nd4 Qxg3+ 14. Ke2 Ng4
15. Bb2 Qxh4 16. Nf3 Qh5 17. d4 d6 18. Kd2 Nh6 19. Qf1 a5 20. Ba3 axb4 21. Bxb4
Rxa1 22. Qxa1 Qxf3 23. Nb5 Nf5 24. Qe1 c5 25. Bc3 cxd4 26. Nxd4 Qd5 27. Ke2 Ra8
28. Qg1 Qc4+ 29. Kd2 Ra2 30. Qb1 Bxd4 31. exd4 Nxd4 32. Bxd4 Qxd4+ 33. Ke1 Qc3+
34. Ke2 Rxc2+ 35. Kd1 Qd2# 0-1

[Event "Challenge"]
[Site "http://www.queenalice.com/game.php?id=1350343"]
[Date "2015.3.28"]
[Round "-"]
[White "tvogel"]
[Black "orlando"]
[Result "1-0"]
[WhiteElo "918"]
[BlackElo "1608"]

1. e3 g6 2. Nf3 Bg7 3. Bc4 Nf6 4. O-O O-O 5. b3 Ne8 6. Nc3 b6 7. a4 Bb7 8. Ng5
e6 9. Qg4 Nf6 10. Qh3 Nc6 11. Ba3 Re8 12. b4 d5 13. Bd3 Ne7 14. b5 Bc8 15. f4 a6
16. Qh4 axb5 17. Nxb5 Rxa4 18. Rf3 Bd7 19. g4 Bxb5 20. Bxb5 Ra5 21. Bd3 c5 22.
Rh3 h5 23. gxh5 gxh5 24. Be2 Kf8 25. Bxh5 Qa8 26. Bxf7 Rc8 27. Nh7+ Nxh7 28. Rg3
Kxf7 29. Rg4 Rxa3 30. Qh5+ Kg8 31. Rxa3 Qxa3 32. Qe5 Qc1+ 33. Kg2 Qxd2+ 34. Kf3
Qd1+ 35. Kg3 Nf6 36. Rh4 Qxc2 37. Qxe6+ Kf8 38. Qxc8+ Kf7 39. Qd8 Ne4+ 40. Kg4
Nc6 41. Qd7+ Kf6 42. Qxc6+ Kf7 43. Qd7+ Kg8 44. Qe7 Nf2+ 45. Kg3 c4 46. Qe8+ Bf8
47. Qe6+ Kg7 48. Qe5+ Kf7 49. Qc7+ Kf6 50. Rh6+ Kf5 51. Qh7# 1-0

[Event "Challenge"]
[Site "http://www.queenalice.com/game.php?id=1350618"]
[Date "2015.3.29"]
[Round "-"]
[White "RobertoH"]
[Black "tvogel"]
[Result "1-0"]
[WhiteElo "1234"]
[BlackElo "918"]

1. e4 d6 2. Nf3 Be6 3. Nc3 Bd7 4. Bc4 e5 5. d3 Nf6 6. Ng5 Be7 7. Nxf7 Qc8 8. O-O
Rf8 9. Be3 c6 10. Bg5 Rxf7 11. Bxf6 Rxf6 12. Qh5+ Kd8 13. Qxh7 Kc7 14. Qxg7 Qd8
15. Qg3 b6 16. h3 Rf8 17. Rfe1 Kc8 18. Qe3 Qc7 19. Qh6 Re8 20. Bf7 Rd8 21. Be6
a5 22. a3 c5 23. f3 a4 24. Nd5 Re8 25. Nxc7 Kxc7 26. Bxd7 Nxd7 27. b4 1-0